| 000 | 01030nam a22002897a 4500 | ||
|---|---|---|---|
| 001 | 3450 | ||
| 003 | FISKH | ||
| 005 | 20250710105815.0 | ||
| 008 | 240306b cb ||||| |||| 00| 0 eng d | ||
| 020 | _a708431211230 | ||
| 040 |
_aFISKH _beng _cFISKH _dFISKH |
||
| 082 | _a372.4 | ||
| 100 |
_aPixar, Disnep _eauthor |
||
| 245 |
_aToy story 3 : _bTogether again / _cby Disnep Pixar |
||
| 260 |
_aCalifornia : _bLeapFrog Enterprise , _c2010 |
||
| 300 |
_a29 pages : _bcolor illustrations ; _c24 cm . |
||
| 490 | _aLeap Frog Tag Reading system | ||
| 505 | _aJ | ||
| 520 | _aAs Andy prepares to depart for college, Buzz, Woody and the rest of the loyal toys are troubled about their uncertain future. Teaches problem solving, character development, story building and memory skills. | ||
| 521 | 8 |
_a500
_bLexile estimate |
|
| 521 | 8 |
_aJ
_bRaz-Plus |
|
| 600 |
_2toy story _vFiction |
||
| 650 |
_aTag reader _vFiction |
||
| 700 |
_aIboix ,Estudi _eillustrator |
||
| 942 |
_2ddc _cBK _n0 |
||
| 999 |
_c3450 _d3450 |
||